[Event "Kiel op 30th"]
[Site "Kiel"]
[Date "2017.08.02"]
[Round "7"]
[White "Lenhardt, Manfred"]
[Black "Kaiser, Johannes"]
[Result "1-0"]
[WhiteElo "2096"]
[BlackElo "1720"]
[PlyCount "115"]
[EventDate "2017.07.29"]
[EventType "swiss"]
[EventRounds "9"]
[EventCountry "GER"]
[SourceTitle "EXT 2018"]
[Source "ChessBase"]
[SourceDate "2017.10.13"]
[SourceVersion "1"]
[SourceVersionDate "2017.10.13"]
[SourceQuality "1"]

1. Nf3 Nf6 2. d4 d5 3. c4 e6 4. g3 Be7 5. Bg2 0-0 6. 0-0 b6 7. Nc3 Bb7 8. Qa4 Qd7 9. Ne5 Qxa4 10. Nxa4 Rd8 11. Bf4 Nbd7 12. Nc3 a6 13. Rfd1 Nxe5 14. Bxe5 Rd7 15. cxd5 Nxd5 16. Nxd5 Bxd5 17. e4 Bb7 18. Rac1 Bd6 19. Bxd6 cxd6 20. Rc3 Rc8 21. Rdc1 Rxc3 22. Rxc3 b5 23. e5 d5 24. Rc5 Kf8 25. f4 Ke7 26. Bh3 g6 27. Kf2 h5 28. Bf1 Kd8 29. h3 Rc7 30. Rxc7 Kxc7 31. g4 hxg4 32. h4 Kd7 33. Kg3 Ke7 34. Kxg4 Kf8 35. Kg5 Kg7 36. Bd3 Bc8 37. Bc2 Bd7 38. a3 Be8 39. Bd1 Bc6 40. Be2 Be8 41. a4 Bd7 42. axb5 axb5 43. Kg4 Kf8 44. Kf3 Ke7 45. Ke3 Kd8 46. Kd2 Kc7 47. Kc3 Kb7 48. h5 gxh5 49. Bxh5 Be8 50. f5 exf5 51. e6 fxe6 52. Bxe8 Kc7 53. Bxb5 Kd6 54. Bd3 f4 55. b4 e5 56. dxe5+ Kxe5 57. b5 f3 58. Bf1 1-0

[Event "Kiel op-B 28th"]
[Site "Kiel"]
[Date "2015.07.29"]
[Round "7"]
[White "Kaiser, Johannes"]
[Black "Arndt, Magnus"]
[Result "1/2-1/2"]
[WhiteElo "1631"]
[BlackElo "1587"]
[PlyCount "27"]
[EventDate "2015.07.25"]
[EventType "swiss"]
[EventRounds "9"]
[EventCountry "GER"]
[SourceTitle "EXT 2017"]
[Source "ChessBase"]
[SourceDate "2016.10.25"]
[SourceVersion "1"]
[SourceVersionDate "2016.10.25"]
[SourceQuality "1"]

1. e4 e5 2. Nf3 Nf6 3. d4 Nxe4 4. Bd3 d5 5. Nxe5 Bd6 6. Qh5 0-0 7. 0-0 Nd7 8. Nxd7 Bxd7 9. Qxd5 Bc6 10. Qh5 g6 11. Qh6 Re8 12. Nc3 Bf8 13. Qf4 Bd6 14. Qh6 1/2-1/2

[Event "Kiel op-B 28th"]
[Site "Kiel"]
[Date "2015.07.26"]
[Round "3"]
[White "Kaiser, Johannes"]
[Black "Stolzenwald, Frank"]
[Result "0-1"]
[WhiteElo "1631"]
[BlackElo "1639"]
[PlyCount "72"]
[EventDate "2015.07.25"]
[EventType "swiss"]
[EventRounds "9"]
[EventCountry "GER"]
[SourceTitle "EXT 2017"]
[Source "ChessBase"]
[SourceDate "2016.10.25"]
[SourceVersion "1"]
[SourceVersionDate "2016.10.25"]
[SourceQuality "1"]

1. e4 e5 2. Nf3 Nf6 3. d4 exd4 4. e5 Ng4 5. Qxd4 d6 6. Bf4 dxe5 7. Qxd8+ Kxd8 8. Nxe5 Nxe5 9. Bxe5 f6 10. Bg3 Bf5 11. Nd2 Bd6 12. 0-0-0 Kc8 13. Bxd6 cxd6 14. Nc4 Bd7 15. Nxd6+ Kc7 16. Nxb7 Kxb7 17. Bd3 Bc6 18. Rhe1 g6 19. Be4 f5 20. Bxc6+ Nxc6 21. Rd7+ Kb6 22. Re3 Na5 23. Re6+ Nc6 24. Re3 Rab8 25. Rb3+ Ka6 26. Ra3+ Na5 27. c3 Kb6 28. b4 Nc6 29. c4 Nxb4 30. Rdxa7 Rhc8 31. Rxh7 Rxc4+ 32. Kb1 Rbc8 33. Rb3 Kc5 34. Rb7 Nd5 35. Kb2 Kd4 36. a4 Rxa4 0-1

[Event "Kiel op-B 28th"]
[Site "Kiel"]
[Date "2015.07.25"]
[Round "1"]
[White "Kaiser, Johannes"]
[Black "Feldmann, Wolfgang"]
[Result "1-0"]
[WhiteElo "1631"]
[BlackElo "1715"]
[PlyCount "45"]
[EventDate "2015.07.25"]
[EventType "swiss"]
[EventRounds "9"]
[EventCountry "GER"]
[SourceTitle "EXT 2017"]
[Source "ChessBase"]
[SourceDate "2016.10.25"]
[SourceVersion "1"]
[SourceVersionDate "2016.10.25"]
[SourceQuality "1"]

1. e4 e6 2. d4 d5 3. Nc3 Bb4 4. e5 c6 5. Qg4 g6 6. a3 Qa5 7. Qh3 Ne7 8. Ra2 Bxc3+ 9. bxc3 Nf5 10. Bd2 Qb6 11. Ne2 Nd7 12. g4 Ne7 13. Bg2 c5 14. 0-0 cxd4 15. cxd4 Nc6 16. Be3 Ne7 17. Bg5 Nc6 18. Rd1 0-0 19. Bf6 Nxf6 20. exf6 Kh8 21. Qh6 Rg8 22. Rd3 Nxd4 23. Nxd4 1-0

[Event "Kiel op-B 28th"]
[Site "Kiel"]
[Date "2015.07.25"]
[Round "2"]
[White "Kreutz, Ralf"]
[Black "Kaiser, Johannes"]
[Result "0-1"]
[WhiteElo "1686"]
[BlackElo "1631"]
[PlyCount "74"]
[EventDate "2015.07.25"]
[EventType "swiss"]
[EventRounds "9"]
[EventCountry "GER"]
[SourceTitle "EXT 2017"]
[Source "ChessBase"]
[SourceDate "2016.10.25"]
[SourceVersion "1"]
[SourceVersionDate "2016.10.25"]
[SourceQuality "1"]

1. e4 c5 2. Nf3 e6 3. d4 cxd4 4. Nxd4 a6 5. Bd3 Nf6 6. Bg5 Qb6 7. Nb3 Be7 8. Be3 Qc7 9. N1d2 d6 10. Nd4 e5 11. Nf5 Bxf5 12. exf5 d5 13. c3 Nbd7 14. Rc1 Rd8 15. b4 0-0 16. c4 d4 17. Bg5 Bxb4 18. 0-0 Bxd2 19. Qxd2 Rfe8 20. f3 Qc6 21. Be4 Nxe4 22. fxe4 f6 23. Bh4 Qxe4 24. Qf2 Nc5 25. Qg3 Kh8 26. Rce1 Qc2 27. Ra1 Qxc4 28. Qa3 Qc3 29. Qxc3 dxc3 30. Rac1 Rd3 31. Be1 Ne4 32. Rf3 Red8 33. Rxd3 Rxd3 34. g4 b5 35. Kf1 b4 36. Ke2 Rh3 37. Rd1 h6 0-1

[Event "Kiel op-B 26th"]
[Site "Kiel"]
[Date "2013.07.30"]
[Round "6"]
[White "Knof, Henrike"]
[Black "Kaiser, Johannes"]
[Result "1-0"]
[WhiteElo "1549"]
[BlackElo "1476"]
[PlyCount "93"]
[EventDate "2013.07.27"]
[EventType "swiss"]
[EventRounds "9"]
[EventCountry "GER"]
[SourceTitle "EXT 2018"]
[Source "ChessBase"]
[SourceDate "2017.10.13"]
[SourceVersion "1"]
[SourceVersionDate "2017.10.13"]
[SourceQuality "1"]

1. e4 c5 2. Nf3 e6 3. d4 cxd4 4. Nxd4 a6 5. Nc3 Qc7 6. Be2 b5 7. a3 Bb7 8. Bd3 Nf6 9. 0-0 Nc6 10. Nxc6 dxc6 11. f4 Bc5+ 12. Kh1 h5 13. h3 Ng4 14. Qe2 Qb6 15. Nd1 0-0-0 16. b4 Bd4 17. c3 Nf2+ 18. Nxf2 Bxf2 19. Rxf2 Rxd3 20. Qxd3 Qxf2 21. Be3 Qh4 22. Bb6 Qe7 23. Rd1 f6 24. c4 g5 25. fxg5 fxg5 26. c5 Rf8 27. Qd6 Qxd6 28. cxd6 Kd7 29. e5 Bc8 30. Kg1 Ke8 31. Rd3 Bd7 32. Kh2 Kf7 33. Rf3+ Kg7 34. Rxf8 Kxf8 35. g4 hxg4 36. hxg4 Kf7 37. Kg3 Kg6 38. Kf3 Kf7 39. Bd8 Kg6 40. Ke3 Kg7 41. Bxg5 Kg6 42. Bf6 Kf7 43. Kd4 Kf8 44. Kc5 Ke8 45. Kb6 Kf7 46. Kxa6 Kf8 47. Kb7 1-0